000 00976cam a2200253 4500
001
008 011218n2002 000 0 eng u
020 _a1859460925
035 _a(Sirsi) u116047
050 _a658.1552
100 _aWalker, P.
245 _aConstruction companion to risk and value management
260 _aLondon
_bRIBA Publications
_c2002
300 _ax,147p.
_c30cm.
350 _a20
490 _aRIBA Construction Companion Series
520 _aProvides a basic toolbox of risk and value management techniques for construction professionals with individual chapters focusing on these issues during the construction process, project procurement, project design, project construction, and partnering and PFI. Also considers the human and social aspects of risk.
650 _aCONSTRUCTION PROJECTS
650 _aRISK MANAGEMENT
650 _aVALUE MANAGEMENT
690 _aProject management
_96261
700 _aGreenwood, D.
942 _n0
999 _c101814
_d101814